[Event "448. Wednesday (05.08.2020)"]
[Site "Official B"]
[Date "2020.08.05"]
[Round "5"]
[White "Cucufato"]
[Black "Reingames"]
[Result "1-0"]
[WhiteElo "1863"]
[BlackElo "1710"]
[Annotator "NA RC"]
[PlyCount "81"]
[EventDate "2020.08.05"]
[EventType "swiss (blitz)"]

1. Nf3 {[%emt 0:00:02]} b6 {[%emt 0:00:02]} 2. d4 {[%emt 0:00:03]} Bb7 {[%emt 0:00:01]} 3. c4 {[%emt 0:00:00]} e6 {[%emt 0:00:02]} 4. a3 {[%emt 0:00:02]} d6 {[%emt 0:00:01]} 5. Nc3 {[%emt 0:00:01]} Nd7 {[%emt 0:00:01]} 6. e4 {[%emt 0:00:00]} a6 {[%emt 0:00:01]} 7. Be2 {[%emt 0:00:01]} g6 {[%emt 0:00:01]} 8. O-O {[%emt 0:00:00]} Bg7 {[%emt 0:00:01]} 9. Be3 {[%emt 0:00:00]} Ne7 {[%emt 0:00:02]} 10. b4 {[%emt 0:00:00]} O-O {[%emt 0:00:02]} 11. Qc2 {[%emt 0:00:01]} c6 {[%emt 0:00:04]} 12. Rad1 {[%emt 0:00:03]} Qc7 {[%emt 0:00:03]} 13. Qb3 {[%emt 0:00:04]} d5 {[%emt 0:00:04]} 14. cxd5 {[%emt 0:00:07]} exd5 {[%emt 0:00:07]} 15. exd5 {[%emt 0:00:15]} Nxd5 {[%emt 0:00:06]} 16. Nxd5 {[%emt 0:00:03]} cxd5 {[%emt 0:00:02]} 17. Rc1 {[%emt 0:00:07]} Qd6 {[%emt 0:00:04]} 18. g3 {[%emt 0:00:22]} Rac8 {[%emt 0:00:05]} 19. Bf4 {[%emt 0:00:01]} Qf6 {[%emt 0:00:11]} 20. Ne5 {[%emt 0:00:26]} Nxe5 {[%emt 0:00:11]} 21. Bxe5 {[%emt 0:00:00]} Qe6 {[%emt 0:00:06]} 22. Bxg7 {[%emt 0:00:09]} Kxg7 {[%emt 0:00:02]} 23. Bf3 {[%emt 0:00:02]} b5 {[%emt 0:00:36]} 24. Rc5 {[%emt 0:00:20]} Rxc5 {[%emt 0:00:02]} 25. dxc5 {[%emt 0:00:02]} Bc6 {[%emt 0:00:03]} 26. Rd1 {[%emt 0:00:09]} Rd8 {[%emt 0:00:03]} 27. Rd4 {[%emt 0:00:04]} h6 {[%emt 0:00:11]} 28. h4 {[%emt 0:00:02]} f5 {[%emt 0:00:06]} 29. Qb2 {[%emt 0:00:13]} Qe5 {[%emt 0:00:18]} 30. Qd2 {[%emt 0:00:01]} Kh7 {[%emt 0:00:04]} 31. Kg2 {[%emt 0:00:04]} Kg7 {[%emt 0:00:06]} 32. Kf1 {[%emt 0:00:03]} Kf6 {[%emt 0:00:01]} 33. Qxh6 {[%emt 0:00:10]} Qxd4 {[%emt 0:00:05]} 34. Qg5+ {[%emt 0:00:01]} Kf7 {[%emt 0:00:10]} 35. Qxd8 {[%emt 0:00:01]} Qf6 {[%emt 0:00:02]} 36. Qxf6+ {[%emt 0:00:31]} Kxf6 {[%emt 0:00:02]} 37. Ke2 {[%emt 0:00:00]} Ke5 {[%emt 0:00:09]} 38. Kd3 {[%emt 0:00:01]} Bd7 {[%emt 0:00:07]} 39. Bg2 {[%emt 0:00:04]} f4 {[%emt 0:00:06]} 40. gxf4+ {[%emt 0:00:09]} Kxf4 {[%emt 0:00:12]} 41. Kd4 {[%emt 0:00:10] Reingames gibt auf (Lag: Av=0.38s, max=0.8s)} 1-0

[Event "448. Wednesday (05.08.2020)"]
[Site "Official B"]
[Date "2020.08.05"]
[Round "5"]
[White "Joroger"]
[Black "Stader Löwe"]
[Result "0-1"]
[WhiteElo "1850"]
[BlackElo "1704"]
[Annotator "NA RC"]
[PlyCount "76"]
[EventDate "2020.08.05"]
[EventType "swiss (blitz)"]

1. d4 {[%emt 0:00:04]} Nf6 {[%emt 0:00:02]} 2. c4 {[%emt 0:00:01]} g6 {[%emt 0:00:02]} 3. Nc3 {[%emt 0:00:01]} Bg7 {[%emt 0:00:02]} 4. e4 {[%emt 0:00:01]} d6 {[%emt 0:00:01]} 5. f3 {[%emt 0:00:01]} O-O {[%emt 0:00:01]} 6. Be3 {[%emt 0:00:00]} Nbd7 {[%emt 0:00:01]} 7. Bd3 {[%emt 0:00:01]} e5 {[%emt 0:00:02]} 8. d5 {[%emt 0:00:01]} b6 {[%emt 0:00:06]} 9. Nge2 {[%emt 0:00:01]} Re8 {[%emt 0:00:05]} 10. O-O {[%emt 0:00:01]} Nf8 {[%emt 0:00:01]} 11. Qd2 {[%emt 0:00:04]} h5 {[%emt 0:00:05]} 12. b4 {[%emt 0:00:01]} Kh7 {[%emt 0:00:04]} 13. c5 {[%emt 0:00:04]} a5 {[%emt 0:00:01]} 14. a3 {[%emt 0:00:01]} axb4 {[%emt 0:00:11]} 15. axb4 {[%emt 0:00:01]} Rxa1 {[%emt 0:00:01]} 16. Rxa1 {[%emt 0:00:00]} h4 {[%emt 0:00:00]} 17. Ra7 {[%emt 0:00:08]} h3 {[%emt 0:00:02]} 18. g3 {[%emt 0:00:03]} bxc5 {[%emt 0:00:03]} 19. bxc5 {[%emt 0:00:01]} Re7 {[%emt 0:00:15]} 20. Nb5 {[%emt 0:00:05]} Ne8 {[%emt 0:00:08]} 21. Qa5 {[%emt 0:00:05]} dxc5 {[%emt 0:00:30]} 22. Bxc5 {[%emt 0:00:05]} Rd7 {[%emt 0:00:01]} 23. Bc4 {[%emt 0:00:25]} Qf6 {[%emt 0:00:19]} 24. Kf2 {[%emt 0:00:11]} g5 {[%emt 0:00:02]} 25. Nxc7 {[%emt 0:00:29]} Nxc7 {[%emt 0:00:08]} 26. Rxc7 {[%emt 0:00:01]} Rxc7 {[%emt 0:00:01]} 27. Qxc7 {[%emt 0:00:00]} Bg4 {[%emt 0:00:01]} 28. f4 {[%emt 0:00:24]} gxf4 {[%emt 0:00:06]} 29. gxf4 {[%emt 0:00:02]} Qh4+ {[%emt 0:00:08]} 30. Ke3 {[%emt 0:00:02]} exf4+ {[%emt 0:00:04]} 31. Nxf4 {[%emt 0:00:03]} Qe1+ {[%emt 0:00:05]} 32. Be2 {[%emt 0:00:11]} Bxe2 {[%emt 0:00:08]} 33. Nxe2 {[%emt 0:00:02]} Bh6+ {[%emt 0:00:05]} 34. Kf3 {[%emt 0:00:13]} Qf1+ {[%emt 0:00:02]} 35. Bf2 {[%emt 0:00:01]} Qh1+ {[%emt 0:00:03]} 36. Kg3 {[%emt 0:00:01]} Qg2+ {[%emt 0:00:02]} 37. Kh4 {[%emt 0:00:02]} Ng6+ {[%emt 0:00:03]} 38. Kh5 {[%emt 0:00:03]} Qg5# {[%emt 0:00:01] (Lag: Av=0.42s, max=1.0s)} 0-1

[Event "448. Wednesday (05.08.2020)"]
[Site "Official B"]
[Date "2020.08.05"]
[Round "5"]
[White "Dukic"]
[Black "Inter_slo"]
[Result "0-1"]
[WhiteElo "1846"]
[BlackElo "1748"]
[Annotator "NA RC"]
[PlyCount "80"]
[EventDate "2020.08.05"]
[EventType "swiss (blitz)"]

1. d4 {[%emt 0:00:06]} c5 {[%emt 0:00:02]} 2. d5 {[%emt 0:00:03]} Qc7 {[%emt 0:00:02]} 3. e4 {[%emt 0:00:03]} e6 {[%emt 0:00:02]} 4. Nd2 {[%emt 0:00:01]} d6 {[%emt 0:00:04]} 5. Ngf3 {[%emt 0:00:05]} e5 {[%emt 0:00:01]} 6. a4 {[%emt 0:00:05]} Nf6 {[%emt 0:00:02]} 7. h3 {[%emt 0:00:04]} g6 {[%emt 0:00:02]} 8. Bd3 {[%emt 0:00:03]} Bg7 {[%emt 0:00:07]} 9. Nc4 {[%emt 0:00:17]} O-O {[%emt 0:00:07]} 10. Bd2 {[%emt 0:00:06]} Nh5 {[%emt 0:00:05]} 11. g3 {[%emt 0:00:17]} f5 {[%emt 0:00:08]} 12. Ng5 {[%emt 0:00:16]} f4 {[%emt 0:00:23]} 13. g4 {[%emt 0:00:15]} Nf6 {[%emt 0:00:03]} 14. c3 {[%emt 0:00:34]} h6 {[%emt 0:00:04]} 15. Nf3 {[%emt 0:00:11]} Kh7 {[%emt 0:00:13]} 16. b4 {[%emt 0:00:14]} b6 {[%emt 0:00:04]} 17. b5 {[%emt 0:00:08]} Bd7 {[%emt 0:00:13]} 18. Qb3 {[%emt 0:00:16]} Be8 {[%emt 0:00:06]} 19. Ke2 {[%emt 0:00:02]} Nbd7 {[%emt 0:00:02]} 20. a5 {[%emt 0:00:10]} Bf7 {[%emt 0:00:10]} 21. Ra4 {[%emt 0:00:34]} Rfb8 {[%emt 0:00:16]} 22. g5 {[%emt 0:00:04]} Ng8 {[%emt 0:00:05]} 23. h4 {[%emt 0:00:03]} h5 {[%emt 0:00:02]} 24. Rha1 {[%emt 0:00:03]} Ne7 {[%emt 0:00:03]} 25. axb6 {[%emt 0:00:02]} Nxb6 {[%emt 0:00:03]} 26. Ra6 {[%emt 0:00:01]} Nec8 {[%emt 0:00:05]} 27. Na5 {[%emt 0:00:03]} Rb7 {[%emt 0:00:06]} 28. Nxb7 {[%emt 0:00:04]} Qxb7 {[%emt 0:00:04]} 29. c4 {[%emt 0:00:02]} Bf8 {[%emt 0:00:11]} 30. Ba5 {[%emt 0:00:04]} Be7 {[%emt 0:00:04]} 31. Bxb6 {[%emt 0:00:02]} Nxb6 {[%emt 0:00:05]} 32. Qa2 {[%emt 0:00:03]} Nc8 {[%emt 0:00:01]} 33. Rc6 {[%emt 0:00:03]} Be8 {[%emt 0:00:04]} 34. Ra6 {[%emt 0:00:02]} Bd8 {[%emt 0:00:06]} 35. Nd2 {[%emt 0:00:09]} Bb6 {[%emt 0:00:03]} 36. Nb3 {[%emt 0:00:03]} Qd7 {[%emt 0:00:06]} 37. Na5 {[%emt 0:00:01]} Qg4+ {[%emt 0:00:02]} 38. Kd2 {[%emt 0:00:09]} Qxh4 {[%emt 0:00:05]} 39. Nc6 {[%emt 0:00:11]} Qxf2+ {[%emt 0:00:03]} 40. Kc3 {[%emt 0:00:02]} Qd4+ {[%emt 0:00:02] Zeit (Lag: Av=0.50s, max=1.1s)} 0-1

[Event "448. Wednesday (05.08.2020)"]
[Site "Official B"]
[Date "2020.08.05"]
[Round "5"]
[White "Sonek"]
[Black "K_J"]
[Result "0-1"]
[WhiteElo "1827"]
[BlackElo "1949"]
[Annotator "TA"]
[PlyCount "54"]
[EventDate "2020.08.05"]
[EventType "swiss (blitz)"]

{[%evp 12,54,12,-13,-18,-19,-7,-25,-25,-33,-30,-36,-32,-31,-37,-37,-29,-71,-76,-84,-77,-81,-65,-61,-56,-54,-68,-233,-80,-80,-86,-98,-80,-93,-31,-13,-8,-893,-847,-3724,-2602,-12810,-12811,-2351,-1687]} 1. d4 d5 2. c4 c6 3. Nc3 Nf6 4. Nf3 a6 5. cxd5 cxd5 6. e3 Nc6 7. Bd3 Bg4 {D15: Slav Defence: 4 Nc3 a6 and gambit lines after 4 Nc3 dxc4.} 8. h3 Bh5 9. O-O e6 {Black has an edge.} 10. Re1 Be7 11. a3 O-O {[#]} 12. Be2 $146 ({Predecessor:} 12. b4 e5 13. dxe5 Nxe5 14. Be2 Bd6 15. Nxe5 Bxe5 16. Bb2 Bxe2 17. Qxe2 Rc8 18. Rac1 {½-½ (36) Tricomi,M (1916)-Arnetta,M (2046) Filadelfia 2009}) 12... Rc8 13. Ne5 {And now Nxc6 would win.} Bxe2 14. Qxe2 Nxe5 15. dxe5 Nd7 16. f4 f6 17. exf6 Bxf6 18. Bd2 Nc5 19. e4 $2 {[#]} (19. Rab1 $15) 19... Bxc3 $2 (19... d4 $1 $19 {[%cal Rd4c3]} 20. Na2 d3) 20. Bxc3 $17 Nxe4 21. Be5 Qb6+ 22. Kh2 Qb3 {[#]} (22... Qb5 $17 23. Qxb5 (23. Qg4 Qd7 $17) 23... axb5) 23. Qg4 $1 $15 {[%csl Ge5][%cal Rg4g7][%mdl 576] Double Attack} Rf7 24. Qxe6 $2 {[%mdl 8192]} (24. Rac1 $11 Re8 25. Re2) 24... Qg3+ $19 {Black is clearly winning.} 25. Kg1 Rc2 {[%csl Gc2][%cal Rg3g2]} 26. Qe8+ Rf8 {[%csl Gc2][%cal Rg3g2]} 27. Qe6+ Kh8 {Accuracy: White = 50%, Black = 81%.} 0-1

[Event "448. Wednesday (05.08.2020)"]
[Site "Official B"]
[Date "2020.08.05"]
[Round "5"]
[White "Ppngh"]
[Black "Smart-arse"]
[Result "0-1"]
[WhiteElo "1798"]
[BlackElo "1825"]
[Annotator "NA RC"]
[PlyCount "56"]
[EventDate "2020.08.05"]
[EventType "swiss (blitz)"]

1. e4 {[%emt 0:00:04]} e5 {[%emt 0:00:02]} 2. Nf3 {[%emt 0:00:05]} Nc6 {[%emt 0:00:01]} 3. Bc4 {[%emt 0:00:08]} Bc5 {[%emt 0:00:03]} 4. d3 {[%emt 0:00:04]} Nf6 {[%emt 0:00:03]} 5. Nc3 {[%emt 0:00:05]} a6 {[%emt 0:00:26]} 6. Bg5 {[%emt 0:00:04]} h6 {[%emt 0:00:03]} 7. Bh4 {[%emt 0:00:05]} g5 {[%emt 0:00:02]} 8. Bg3 {[%emt 0:00:19]} d6 {[%emt 0:00:02]} 9. h3 {[%emt 0:00:15]} O-O {[%emt 0:00:15]} 10. Ne2 {[%emt 0:00:12]} Ne7 {[%emt 0:00:03]} 11. c3 {[%emt 0:00:18]} Ba7 {[%emt 0:00:03]} 12. h4 {[%emt 0:00:13]} g4 {[%emt 0:00:03]} 13. Nd2 {[%emt 0:00:14]} Nh5 {[%emt 0:00:06]} 14. Qc2 {[%emt 0:00:18]} Ng6 {[%emt 0:00:03]} 15. O-O-O {[%emt 0:00:09]} c6 {[%emt 0:00:29]} 16. Rdf1 {[%emt 0:00:09]} b5 {[%emt 0:00:03]} 17. Bb3 {[%emt 0:00:03]} a5 {[%emt 0:00:07]} 18. a3 {[%emt 0:00:02]} Bd7 {[%emt 0:00:25]} 19. f3 {[%emt 0:00:24]} Nxg3 {[%emt 0:00:07]} 20. Nxg3 {[%emt 0:00:03]} Nf4 {[%emt 0:00:14]} 21. Rh2 {[%emt 0:00:25]} b4 {[%emt 0:00:03]} 22. Nc4 {[%emt 0:00:17]} bxa3 {[%emt 0:00:12]} 23. Nxa3 {[%emt 0:00:16]} d5 {[%emt 0:00:29]} 24. Ne2 {[%emt 0:00:11]} Be3+ {[%emt 0:00:26]} 25. Kb1 {[%emt 0:00:07]} Qb6 {[%emt 0:00:04]} 26. g3 {[%emt 0:00:07]} Nxe2 {[%emt 0:00:10]} 27. Rxe2 {[%emt 0:00:04]} Rfb8 {[%emt 0:00:08]} 28. Ba2 {[%emt 0:00:07]} Bc5 {[%emt 0:00:09] Time (Lag: Av=0.96s, max=1.4s)} 0-1

[Event "448. Wednesday (05.08.2020)"]
[Site "Official B"]
[Date "2020.08.05"]
[Round "5"]
[White "Alex29"]
[Black "LangesNasenhaar"]
[Result "0-1"]
[WhiteElo "1795"]
[BlackElo "2188"]
[Annotator "NA RC"]
[PlyCount "92"]
[EventDate "2020.08.05"]
[EventType "swiss (blitz)"]

1. e4 {[%emt 0:00:50]} d6 {[%emt 0:00:02]} 2. d4 {[%emt 0:00:03]} Nf6 {[%emt 0:00:00]} 3. Nc3 {[%emt 0:00:02]} e5 {[%emt 0:00:00]} 4. dxe5 {[%emt 0:00:01]} dxe5 {[%emt 0:00:01]} 5. Qxd8+ {[%emt 0:00:01]} Kxd8 {[%emt 0:00:00]} 6. Nf3 {[%emt 0:00:01]} Bd6 {[%emt 0:00:04]} 7. Bc4 {[%emt 0:00:01]} Be6 {[%emt 0:00:01]} 8. Bxe6 {[%emt 0:00:01]} fxe6 {[%emt 0:00:00]} 9. O-O {[%emt 0:00:01]} Nc6 {[%emt 0:00:02]} 10. a3 {[%emt 0:00:02]} Ke7 {[%emt 0:00:03]} 11. Bg5 {[%emt 0:00:04]} h6 {[%emt 0:00:04]} 12. Bh4 {[%emt 0:00:01]} g5 {[%emt 0:00:03]} 13. Bg3 {[%emt 0:00:01]} Nh5 {[%emt 0:00:10]} 14. Rfe1 {[%emt 0:00:02]} a6 {[%emt 0:00:03]} 15. Rad1 {[%emt 0:00:05]} Rad8 {[%emt 0:00:04]} 16. b4 {[%emt 0:00:03]} b5 {[%emt 0:00:08]} 17. Ne2 {[%emt 0:00:04]} Nf4 {[%emt 0:00:12]} 18. Bxf4 {[%emt 0:00:02]} exf4 {[%emt 0:00:04]} 19. Ned4 {[%emt 0:00:04]} Nxd4 {[%emt 0:00:31]} 20. Nxd4 {[%emt 0:00:02]} Kf7 {[%emt 0:00:01]} 21. e5 {[%emt 0:00:04]} Bf8 {[%emt 0:00:20]} 22. Nc6 {[%emt 0:00:01]} Rxd1 {[%emt 0:00:02]} 23. Rxd1 {[%emt 0:00:01]} Bg7 {[%emt 0:00:00]} 24. Rd7+ {[%emt 0:00:09]} Kg6 {[%emt 0:00:01]} 25. Rxc7 {[%emt 0:00:02]} Ra8 {[%emt 0:00:18]} 26. g4 {[%emt 0:00:02]} fxg3 {[%emt 0:00:06]} 27. hxg3 {[%emt 0:00:01]} g4 {[%emt 0:00:01]} 28. Kg2 {[%emt 0:00:02]} h5 {[%emt 0:00:02]} 29. f4 {[%emt 0:00:01]} gxf3+ {[%emt 0:00:21]} 30. Kxf3 {[%emt 0:00:01]} Rf8+ {[%emt 0:00:03]} 31. Ke4 {[%emt 0:00:10]} Rf2 {[%emt 0:00:01]} 32. Ne7+ {[%emt 0:00:12]} Kg5 {[%emt 0:00:07]} 33. Rc6 {[%emt 0:00:14]} Re2+ {[%emt 0:00:05]} 34. Kf3 {[%emt 0:00:01]} Rxe5 {[%emt 0:00:06]} 35. Rxa6 {[%emt 0:00:01]} Bf6 {[%emt 0:00:15]} 36. Nc6 {[%emt 0:00:02]} Rf5+ {[%emt 0:00:08]} 37. Kg2 {[%emt 0:00:06]} Rd5 {[%emt 0:00:01]} 38. Ra5 {[%emt 0:00:07]} Kg4 {[%emt 0:00:02]} 39. c4 {[%emt 0:00:11]} Rd2+ {[%emt 0:00:03]} 40. Kf1 {[%emt 0:00:01]} bxc4 {[%emt 0:00:08]} 41. b5 {[%emt 0:00:01]} c3 {[%emt 0:00:06]} 42. Nb4 {[%emt 0:00:01]} Kf3 {[%emt 0:00:11]} 43. Ke1 {[%emt 0:00:02]} Bd4 {[%emt 0:00:02]} 44. Nc2 {[%emt 0:00:27]} Bf2+ {[%emt 0:00:05]} 45. Kf1 {[%emt 0:00:01]} Rd1+ {[%emt 0:00:01]} 46. Ne1+ {[%emt 0:00:01]} Rxe1# {[%emt 0:00:01] (Lag: Av=0.47s, max=0.9s)} 0-1

[Event "448. Wednesday (05.08.2020)"]
[Site "Official B"]
[Date "2020.08.05"]
[Round "5"]
[White "Martin Reiß"]
[Black "Tvtower68"]
[Result "1-0"]
[WhiteElo "1792"]
[BlackElo "1868"]
[Annotator "NA RC"]
[PlyCount "105"]
[EventDate "2020.08.05"]
[EventType "swiss (blitz)"]

1. f3 {[%emt 0:00:02]} e5 {[%emt 0:00:05]} 2. e4 {[%emt 0:00:01]} Bc5 {[%emt 0:00:02]} 3. Nc3 {[%emt 0:00:01]} Bxg1 {[%emt 0:00:01]} 4. Rxg1 {[%emt 0:00:02]} Qh4+ {[%emt 0:00:02]} 5. Ke2 {[%emt 0:00:13]} Qxh2 {[%emt 0:00:02]} 6. Kf2 {[%emt 0:00:02]} Nc6 {[%emt 0:00:11]} 7. Qe2 {[%emt 0:00:05]} Nd4 {[%emt 0:00:02]} 8. Qd3 {[%emt 0:00:06]} b6 {[%emt 0:00:24]} 9. Nd5 {[%emt 0:00:17]} Ne6 {[%emt 0:00:11]} 10. Qc3 {[%emt 0:00:20]} c6 {[%emt 0:00:04]} 11. Ne3 {[%emt 0:00:05]} Ne7 {[%emt 0:00:09]} 12. Ng4 {[%emt 0:00:05]} Qh4+ {[%emt 0:00:07]} 13. g3 {[%emt 0:00:01]} Qh5 {[%emt 0:00:09]} 14. Qxe5 {[%emt 0:00:06]} Qxe5 {[%emt 0:00:08]} 15. Nxe5 {[%emt 0:00:00]} d6 {[%emt 0:00:06]} 16. Ng4 {[%emt 0:00:08]} Nd4 {[%emt 0:00:02]} 17. Bd3 {[%emt 0:00:04]} Bxg4 {[%emt 0:00:06]} 18. fxg4 {[%emt 0:00:03]} Ng6 {[%emt 0:00:02]} 19. Ke3 {[%emt 0:00:07]} Ne6 {[%emt 0:00:14]} 20. b3 {[%emt 0:00:04]} Ne5 {[%emt 0:00:02]} 21. Bb2 {[%emt 0:00:03]} Nxg4+ {[%emt 0:00:03]} 22. Ke2 {[%emt 0:00:03]} O-O-O {[%emt 0:00:04]} 23. Bc4 {[%emt 0:00:05]} d5 {[%emt 0:00:03]} 24. exd5 {[%emt 0:00:02]} cxd5 {[%emt 0:00:01]} 25. Ba6+ {[%emt 0:00:02]} Kd7 {[%emt 0:00:07]} 26. Ba3 {[%emt 0:00:14]} Nd4+ {[%emt 0:00:05]} 27. Kd1 {[%emt 0:00:05]} Kc6 {[%emt 0:00:10]} 28. Bb2 {[%emt 0:00:13]} Ne6 {[%emt 0:00:06]} 29. Rf1 {[%emt 0:00:06]} Rd7 {[%emt 0:00:09]} 30. a4 {[%emt 0:00:03]} h5 {[%emt 0:00:06]} 31. Bb5+ {[%emt 0:00:01]} Kd6 {[%emt 0:00:05]} 32. Bxd7 {[%emt 0:00:01]} Kxd7 {[%emt 0:00:00]} 33. Rxf7+ {[%emt 0:00:02]} Kd6 {[%emt 0:00:01]} 34. Rxa7 {[%emt 0:00:03]} h4 {[%emt 0:00:03]} 35. gxh4 {[%emt 0:00:04]} Rxh4 {[%emt 0:00:01]} 36. c3 {[%emt 0:00:03]} Rh2 {[%emt 0:00:06]} 37. Ba3+ {[%emt 0:00:13]} Kc6 {[%emt 0:00:02]} 38. Rc1 {[%emt 0:00:14]} Nf2+ {[%emt 0:00:07]} 39. Kc2 {[%emt 0:00:01]} Ne4 {[%emt 0:00:03]} 40. Rd1 {[%emt 0:00:02]} Nf2 {[%emt 0:00:04]} 41. Re1 {[%emt 0:00:03]} Ne4 {[%emt 0:00:05]} 42. Rd1 {[%emt 0:00:16]} g5 {[%emt 0:00:02]} 43. Re7 {[%emt 0:00:03]} N6c5 {[%emt 0:00:09]} 44. Bxc5 {[%emt 0:00:03]} bxc5 {[%emt 0:00:01]} 45. c4 {[%emt 0:00:10]} Nf2 {[%emt 0:00:13]} 46. Rde1 {[%emt 0:00:02]} Ne4 {[%emt 0:00:03]} 47. cxd5+ {[%emt 0:00:02]} Kxd5 {[%emt 0:00:20]} 48. R7xe4 {[%emt 0:00:01]} Rh5 {[%emt 0:00:05]} 49. Rg4 {[%emt 0:00:01]} c4 {[%emt 0:00:02]} 50. bxc4+ {[%emt 0:00:02]} Kc5 {[%emt 0:00:01]} 51. Reg1 {[%emt 0:00:01]} Kb4 {[%emt 0:00:03]} 52. c5+ {[%emt 0:00:02]} Kxc5 {[%emt 0:00:02]} 53. Rxg5+ {[%emt 0:00:01] Tvtower68 resigns (Lag: Av=0.31s, max=0.5s)} 1-0

[Event "448. Wednesday (05.08.2020)"]
[Site "Official B"]
[Date "2020.08.05"]
[Round "5"]
[White "Tobilino"]
[Black "Belmonte"]
[Result "1-0"]
[WhiteElo "1781"]
[BlackElo "1390"]
[Annotator "NA RC"]
[PlyCount "37"]
[EventDate "2020.08.05"]
[EventType "swiss (blitz)"]

1. e4 {[%emt 0:00:03]} c5 {[%emt 0:00:01]} 2. Nf3 {[%emt 0:00:02]} d6 {[%emt 0:00:00]} 3. d4 {[%emt 0:00:01]} cxd4 {[%emt 0:00:01]} 4. Nxd4 {[%emt 0:00:01]} Nc6 {[%emt 0:00:00]} 5. Nc3 {[%emt 0:00:01]} g6 {[%emt 0:00:02]} 6. Be3 {[%emt 0:00:02]} Bg7 {[%emt 0:00:01]} 7. Bc4 {[%emt 0:00:01]} Nf6 {[%emt 0:00:01]} 8. h3 {[%emt 0:00:01]} O-O {[%emt 0:00:01]} 9. Bb3 {[%emt 0:00:01]} a6 {[%emt 0:00:01]} 10. O-O {[%emt 0:00:08]} Bd7 {[%emt 0:00:02]} 11. f4 {[%emt 0:00:10]} e5 {[%emt 0:00:03]} 12. Nf3 {[%emt 0:00:04]} Qc8 {[%emt 0:00:10]} 13. Qxd6 {[%emt 0:00:40]} Bxh3 {[%emt 0:00:02]} 14. gxh3 {[%emt 0:00:01]} Qxh3 {[%emt 0:00:01]} 15. Qd2 {[%emt 0:00:01]} exf4 {[%emt 0:00:11]} 16. Bxf4 {[%emt 0:00:04]} Nh5 {[%emt 0:00:07]} 17. Bh2 {[%emt 0:00:08]} Rad8 {[%emt 0:00:18]} 18. Qg2 {[%emt 0:00:01]} Qe6 {[%emt 0:00:11]} 19. Bxe6 {[%emt 0:00:04] Belmonte gibt auf (Lag: Av=0.47s, max=0.6s)} 1-0

[Event "448. Wednesday (05.08.2020)"]
[Site "Official B"]
[Date "2020.08.05"]
[Round "5"]
[White "Meini"]
[Black "Ciberrocker"]
[Result "1-0"]
[WhiteElo "1779"]
[BlackElo "1580"]
[Annotator "NA RC"]
[PlyCount "63"]
[EventDate "2020.08.05"]
[EventType "swiss (blitz)"]

1. d4 {[%emt 0:00:02]} d5 {[%emt 0:00:02]} 2. Bf4 {[%emt 0:00:02]} Nf6 {[%emt 0:00:01]} 3. e3 {[%emt 0:00:01]} Bf5 {[%emt 0:00:01]} 4. Bd3 {[%emt 0:00:02]} Bxd3 {[%emt 0:00:02]} 5. Qxd3 {[%emt 0:00:01]} e6 {[%emt 0:00:01]} 6. Nf3 {[%emt 0:00:01]} Bd6 {[%emt 0:00:01]} 7. Ne5 {[%emt 0:00:01]} Bxe5 {[%emt 0:00:02]} 8. Bxe5 {[%emt 0:00:01]} Nbd7 {[%emt 0:00:00]} 9. Bg3 {[%emt 0:00:02]} O-O {[%emt 0:00:02]} 10. Nd2 {[%emt 0:00:03]} c5 {[%emt 0:00:06]} 11. c3 {[%emt 0:00:02]} c4 {[%emt 0:00:02]} 12. Qc2 {[%emt 0:00:02]} b5 {[%emt 0:00:31]} 13. O-O {[%emt 0:00:03]} a5 {[%emt 0:00:01]} 14. Rae1 {[%emt 0:00:02]} b4 {[%emt 0:00:01]} 15. e4 {[%emt 0:00:01]} dxe4 {[%emt 0:00:05]} 16. Nxe4 {[%emt 0:00:02]} Nd5 {[%emt 0:00:03]} 17. f4 {[%emt 0:00:17]} a4 {[%emt 0:00:11]} 18. f5 {[%emt 0:00:01]} b3 {[%emt 0:00:03]} 19. axb3 {[%emt 0:00:07]} axb3 {[%emt 0:00:00]} 20. Qd2 {[%emt 0:00:05]} exf5 {[%emt 0:00:02]} 21. Rxf5 {[%emt 0:00:03]} N7f6 {[%emt 0:00:02]} 22. Nxf6+ {[%emt 0:00:08]} Nxf6 {[%emt 0:00:03]} 23. Bh4 {[%emt 0:00:01]} Re8 {[%emt 0:00:05]} 24. Ref1 {[%emt 0:00:09]} Re6 {[%emt 0:00:04]} 25. Bxf6 {[%emt 0:00:14]} Rxf6 {[%emt 0:00:02]} 26. Rxf6 {[%emt 0:00:02]} gxf6 {[%emt 0:00:01]} 27. Qh6 {[%emt 0:00:02]} Ra6 {[%emt 0:00:05]} 28. h3 {[%emt 0:00:06]} Qe7 {[%emt 0:00:02]} 29. Rf3 {[%emt 0:00:03]} Kh8 {[%emt 0:00:13]} 30. Rg3 {[%emt 0:00:04]} Ra1+ {[%emt 0:00:08]} 31. Kh2 {[%emt 0:00:02]} Qe8 {[%emt 0:00:03]} 32. Qg7# {[%emt 0:00:02] (Lag: Av=0.51s, max=0.7s)} 1-0